|
|
|
|
| LEADER |
02710nam a22005415i 4500 |
| 001 |
978-3-642-14521-6 |
| 003 |
DE-He213 |
| 005 |
20151204160236.0 |
| 007 |
cr nn 008mamaa |
| 008 |
100729s2010 gw | s |||| 0|eng d |
| 020 |
|
|
|a 9783642145216
|9 978-3-642-14521-6
|
| 024 |
7 |
|
|a 10.1007/978-3-642-14521-6
|2 doi
|
| 040 |
|
|
|d GrThAP
|
| 050 |
|
4 |
|a QA76.6-76.66
|
| 072 |
|
7 |
|a UM
|2 bicssc
|
| 072 |
|
7 |
|a COM051000
|2 bisacsh
|
| 082 |
0 |
4 |
|a 005.11
|2 23
|
| 245 |
1 |
0 |
|a Unifying Theories of Programming
|h [electronic resource] :
|b Second International Symposium, UTP 2008, Dublin, Ireland, September 8-10, 2008, Revised Selected Papers /
|c edited by Andrew Butterfield.
|
| 264 |
|
1 |
|a Berlin, Heidelberg :
|b Springer Berlin Heidelberg,
|c 2010.
|
| 300 |
|
|
|a IX, 279 p. 21 illus.
|b online resource.
|
| 336 |
|
|
|a text
|b txt
|2 rdacontent
|
| 337 |
|
|
|a computer
|b c
|2 rdamedia
|
| 338 |
|
|
|a online resource
|b cr
|2 rdacarrier
|
| 347 |
|
|
|a text file
|b PDF
|2 rda
|
| 490 |
1 |
|
|a Lecture Notes in Computer Science,
|x 0302-9743 ;
|v 5713
|
| 505 |
0 |
|
|a Refinement Calculus as a Theory of Contracts (Invited Paper) -- Transaction Calculus -- UTP and Temporal Logic Model Checking -- A Note on Traces Refinement and the conf Relation in the Unifying Theories of Programming -- Reasoning about Loops in Total and General Correctness -- Lazy UTP -- Monadic Maps and Folds for Multirelations in an Allegory -- Unifying Theories of Interrupts -- UTP Semantics for Handel-C -- Unifying Theories of Locations -- Unifying Input Output Conformance -- The Miracle of Reactive Programming -- Encoding Circus Programs in ProofPowerZ -- Component Publications and Compositions -- Denotational Approach to an Event-Driven System-Level Language.
|
| 650 |
|
0 |
|a Computer science.
|
| 650 |
|
0 |
|a Software engineering.
|
| 650 |
|
0 |
|a Computer programming.
|
| 650 |
|
0 |
|a Programming languages (Electronic computers).
|
| 650 |
|
0 |
|a Computer logic.
|
| 650 |
|
0 |
|a Mathematical logic.
|
| 650 |
1 |
4 |
|a Computer Science.
|
| 650 |
2 |
4 |
|a Programming Techniques.
|
| 650 |
2 |
4 |
|a Software Engineering/Programming and Operating Systems.
|
| 650 |
2 |
4 |
|a Programming Languages, Compilers, Interpreters.
|
| 650 |
2 |
4 |
|a Logics and Meanings of Programs.
|
| 650 |
2 |
4 |
|a Software Engineering.
|
| 650 |
2 |
4 |
|a Mathematical Logic and Formal Languages.
|
| 700 |
1 |
|
|a Butterfield, Andrew.
|e editor.
|
| 710 |
2 |
|
|a SpringerLink (Online service)
|
| 773 |
0 |
|
|t Springer eBooks
|
| 776 |
0 |
8 |
|i Printed edition:
|z 9783642145209
|
| 830 |
|
0 |
|a Lecture Notes in Computer Science,
|x 0302-9743 ;
|v 5713
|
| 856 |
4 |
0 |
|u http://dx.doi.org/10.1007/978-3-642-14521-6
|z Full Text via HEAL-Link
|
| 912 |
|
|
|a ZDB-2-SCS
|
| 912 |
|
|
|a ZDB-2-LNC
|
| 950 |
|
|
|a Computer Science (Springer-11645)
|